[Event "DVM U16 2003"]
[Site "Greifswald GER"]
[Date "2003.12.29"]
[Round "5"]
[White "Thiery, Ian"]
[Black "Völsgen, Georg"]
[Result "0-1"]
[Termination "normal"]
[Board "9.2"]
[WhiteElo "1602"]
[BlackElo "1449"]
[WhiteTeam "SC Rochade Saarlouis 93"]
[BlackTeam "Schachverein Gryps"]
[PlyCount "110"]
[BlackFideId "24635901"]
[EventCountry "GER"]
[EventRounds "7"]
[EventType "team-swiss"]
[EventDate "2003.12.26"]

1. e4 e5 2. Nf3 Nc6 3. Bc4 Bc5 4. c3 Nf6 5. d4 exd4 6. cxd4 Bb4+ 7. Nc3 Bxc3+
8. bxc3 Nxe4 9. d5 Ne7 10. Qd3 Nf6 11. O-O O-O 12. Re1 d6 13. Bg5 Ng6 14. Qd4
h6 15. Bxf6 Qxf6 16. Qxf6 gxf6 17. Nd4 a6 18. Re3 Bd7 19. Rb1 b5 20. Bb3 Rfe8
21. Rbe1 Kf8 22. Kf1 Rxe3 23. Rxe3 Re8 24. Rf3 Kg7 25. Rg3 Re5 26. f4 Re4 27.
f5 Rf4+ 28. Rf3 Rxf3+ 29. gxf3 Ne7 30. Kf2 Nxf5 31. Nxf5+ Bxf5 32. Ke3 Kg6 33.
Kf4 Bd7 34. Bc2+ Kh5 35. Bf5 Be8 36. Bc8 Kg6 37. Bf5+ Kg7 38. Bc8 a5 39. Bf5 c6
40. dxc6 Bxc6 41. Be4 Bd7 42. a3 Kf8 43. Kg3 f5 44. Bd3 Kg7 45. f4 f6 46. Kf2
Kf8 47. Ke3 Ke7 48. Kd4 Kd8 49. Be2 Kc7 50. Bf3 Bc6 51. Bd5 Bxd5 52. Kxd5 Kd7
53. h3 a4 54. h4 h5 55. c4 b4 0-1

[Event "DVM U16 2003"]
[Site "Greifswald GER"]
[Date "2003.12.29"]
[Round "5"]
[White "Hollatz, Michael"]
[Black "Loew, Frederic"]
[Result "1-0"]
[Termination "normal"]
[Board "9.3"]
[WhiteElo "1339"]
[BlackElo "1456"]
[WhiteTeam "Schachverein Gryps"]
[BlackTeam "SC Rochade Saarlouis 93"]
[PlyCount "93"]
[WhiteFideId "4622820"]
[EventCountry "GER"]
[EventRounds "7"]
[EventType "team-swiss"]
[EventDate "2003.12.26"]

1. e4 c5 2. Nf3 d6 3. d4 cxd4 4. Nxd4 Nf6 5. Nc3 g6 6. Be3 Bg7 7. f3 O-O 8. Qd2
Nc6 9. O-O-O d5 10. exd5 Nxd5 11. Nxc6 bxc6 12. Nxd5 cxd5 13. Qxd5 Be6 14. Qxd8
Rfxd8 15. Rxd8+ Rxd8 16. b3 a5 17. Bb6 Ra8 18. Bd3 a4 19. Rd1 Bc3 20. Kb1 axb3
21. cxb3 Bb4 22. Be4 Ra6 23. Rd8+ Kg7 24. Bd4+ f6 25. g4 Bd6 26. h3 Ra5 27. Ra8
Rb5 28. Kc2 h5 29. Ra6 hxg4 30. hxg4 Kf7 31. Rb6 Ra5 32. a4 f5 33. gxf5 gxf5
34. Bc6 Bc5 35. Bxc5 Rxc5+ 36. Kb2 Bd5 37. Rb5 Rxc6 38. Rxd5 e6 39. Rd3 e5 40.
b4 Ke6 41. b5 Rc5 42. Kb3 e4 43. fxe4 fxe4 44. Re3 Kd5 45. Kb4 Kd4 46. Rxe4+
Kd5 47. Re5+ 1-0

[Event "DVM U16 2003"]
[Site "Greifswald GER"]
[Date "2003.12.29"]
[Round "5"]
[White "Schwanengel, Moritz"]
[Black "Zimmermann, Gordon"]
[Result "1/2-1/2"]
[Termination "normal"]
[Board "9.4"]
[WhiteElo "1184"]
[BlackElo "1336"]
[WhiteTeam "SC Rochade Saarlouis 93"]
[BlackTeam "Schachverein Gryps"]
[PlyCount "69"]
[BlackFideId "24624330"]
[EventCountry "GER"]
[EventRounds "7"]
[EventType "team-swiss"]
[EventDate "2003.12.26"]

1. e4 e5 2. Nf3 Nc6 3. Nc3 Nf6 4. d3 Bb4 5. Be2 d5 6. exd5 Nxd5 7. Bd2 Bc5 8.
O-O O-O 9. Re1 Be6 10. Nxd5 Bxd5 11. c3 Qf6 12. b4 Bd6 13. Ng5 Nd8 14. Be3 Ne6
15. Nxe6 Bxe6 16. Bf3 c6 17. d4 Rfd8 18. Qd2 h6 19. Rad1 Bc7 20. Qe2 a6 21. a4
Bd5 22. Bxd5 Rxd5 23. c4 Rdd8 24. d5 Qh4 25. Qc2 Qf6 26. b5 axb5 27. cxb5 Ba5
28. dxc6 Bxe1 29. cxb7 Rxd1 30. Qxd1 Rb8 31. Qd7 Rd8 32. Qxd8+ Qxd8 33. Ba7
Bxf2+ 34. Kxf2 Qd2+ 35. Kf1 1/2-1/2

[Event "DVM U16 2003"]
[Site "Greifswald GER"]
[Date "2003.12.29"]
[Round "5"]
[White "Galbraith, Martin"]
[Black "Hirschfeld, Sebastian"]
[Result "1-0"]
[Termination "normal"]
[Board "10.1"]
[WhiteElo "2095"]
[BlackElo "1443"]
[WhiteTeam "SK Gau-Algesheim"]
[BlackTeam "Schachverein Gryps 2"]
[PlyCount "55"]
[WhiteFideId "4697448"]
[EventCountry "GER"]
[EventRounds "7"]
[EventType "team-swiss"]
[EventDate "2003.12.26"]

1. d4 d5 2. Nf3 e6 3. c4 Nf6 4. g3 Bd6 5. Bg2 c6 6. O-O O-O 7. Nbd2 Qc7 8. Qc2
h6 9. b3 c5 10. Bb2 Nbd7 11. cxd5 Nxd5 12. Nc4 Be7 13. e4 Nb4 14. Qd2 Nc6 15.
d5 Nd4 16. Nxd4 cxd4 17. d6 Bxd6 18. Qxd4 Ne5 19. Nxd6 f6 20. Rac1 Qe7 21. Ba3
Nc6 22. Qe3 Rd8 23. Nc4 Qe8 24. Rfd1 Bd7 25. Nd6 Qe7 26. Nxb7 Qxa3 27. Nxd8
Rxd8 28. Rxd7 1-0

[Event "DVM U16 2003"]
[Site "Greifswald GER"]
[Date "2003.12.29"]
[Round "5"]
[White "Hartmann, Elisa"]
[Black "Becker, Matthias"]
[Result "0-1"]
[Termination "normal"]
[Board "10.2"]
[WhiteElo "1208"]
[BlackElo "1486"]
[WhiteTeam "Schachverein Gryps 2"]
[BlackTeam "SK Gau-Algesheim"]
[PlyCount "86"]
[WhiteFideId "4616235"]
[BlackFideId "24625850"]
[EventCountry "GER"]
[EventRounds "7"]
[EventType "team-swiss"]
[EventDate "2003.12.26"]

1. e4 e6 2. d4 d5 3. e5 c5 4. c3 Nc6 5. Nf3 Qb6 6. a3 a5 7. b3 cxd4 8. cxd4
Nge7 9. Be3 Bd7 10. Be2 Nf5 11. O-O Rc8 12. Ra2 Be7 13. Qd3 O-O 14. Rd1 Rc7 15.
Rb2 Rfc8 16. Kh1 f6 17. h3 fxe5 18. dxe5 Nxe3 19. Qxe3 Qxe3 20. fxe3 Nd8 21.
Bd3 Bc6 22. Rf1 Nf7 23. Nc3 Bxa3 24. Ra2 Bb4 25. Ne2 b6 26. Ned4 Bd7 27. e4
dxe4 28. Bxe4 Bc3 29. Rd1 Bxd4 30. Rxd4 Rc1+ 31. Kh2 Bc6 32. b4 Bxe4 33. Rxe4
Ra8 34. Re3 a4 35. Nd4 Nd8 36. Rea3 Rc4 37. Nc2 b5 38. Re3 Nc6 39. Rb2 Rb8 40.
Kg1 Nd4 41. Nxd4 Rxd4 42. Rc3 Rc4 43. Rxc4 bxc4 0-1

[Event "DVM U16 2003"]
[Site "Greifswald GER"]
[Date "2003.12.29"]
[Round "5"]
[White "Ozga, Christian"]
[Black "Nautsch, Andreas"]
[Result "1-0"]
[Termination "normal"]
[Board "10.3"]
[WhiteElo "1253"]
[BlackElo "1139"]
[WhiteTeam "SK Gau-Algesheim"]
[BlackTeam "Schachverein Gryps 2"]
[PlyCount "99"]
[EventCountry "GER"]
[EventRounds "7"]
[EventType "team-swiss"]
[EventDate "2003.12.26"]

1. e4 e5 2. Nf3 Nc6 3. Bb5 a6 4. Bxc6 dxc6 5. Nc3 Bd6 6. d3 Nf6 7. O-O O-O 8.
h3 h6 9. Be3 Be6 10. d4 Nd7 11. d5 cxd5 12. Nxd5 c6 13. Nc3 b5 14. Qxd6 Bc4 15.
Rfd1 Nf6 16. Qxc6 Rc8 17. Nxe5 Rxc6 18. Rxd8 Rxd8 19. Nxc6 Re8 20. e5 Nd5 21.
Nxd5 Bxd5 22. Nb4 Rxe5 23. Nxd5 Rxd5 24. Rc1 a5 25. b3 b4 26. Kf1 Kf8 27. Ke2
Ke7 28. c4 bxc3 29. Rxc3 Kd6 30. f4 g5 31. fxg5 hxg5 32. Bxg5 Rxg5 33. Rd3+ Ke7
34. Re3+ Kf8 35. Kf3 Rb5 36. a3 Rc5 37. b4 axb4 38. axb4 Rc4 39. Re4 Rc3+ 40.
Kf4 Rc2 41. g4 Rh2 42. Ke5 Rxh3 43. Kd6 Rh6+ 44. Kc7 Rh7 45. Kd6 Rh6+ 46. Kd7
Rh7 47. Re8+ Kg7 48. b5 Kg6 49. Rg8+ Kh6 50. Kc6 1-0

[Event "DVM U16 2003"]
[Site "Greifswald GER"]
[Date "2003.12.29"]
[Round "5"]
[White "Tsoumanis, Konstantinos"]
[Black "Grieb, Tobias"]
[Result "0-1"]
[Termination "normal"]
[Board "10.4"]
[WhiteElo "984"]
[BlackElo "973"]
[WhiteTeam "Schachverein Gryps 2"]
[BlackTeam "SK Gau-Algesheim"]
[PlyCount "110"]
[BlackFideId "1270616"]
[EventCountry "GER"]
[EventRounds "7"]
[EventType "team-swiss"]
[EventDate "2003.12.26"]

1. e4 e6 2. d4 d5 3. e5 c5 4. c3 Nc6 5. Nf3 Qb6 6. g3 Nge7 7. Bg2 Bd7 8. O-O
cxd4 9. cxd4 Nf5 10. Be3 Qxb2 11. Nbd2 Nfxd4 12. Nxd4 Nxd4 13. Bxd4 Qxd4 14.
Nf3 Qb2 15. Re1 Bb5 16. Bf1 Bxf1 17. Kxf1 Qb6 18. Qa4+ Qc6 19. Qf4 Ba3 20. Nd4
Qc4+ 21. Kg1 O-O 22. Qe3 Bb2 23. Rad1 Qxa2 24. Re2 Bxd4 25. Rxd4 Qb1+ 26. Re1
Qb6 27. Qf4 a5 28. Qh4 Rfc8 29. Rg4 Qb5 30. Qg5 g6 31. Qe7 Rc4 32. Qg5 a4 33.
Rxc4 dxc4 34. Qd2 Qd5 35. Qb4 b5 36. Qe7 Qd8 37. Qb7 Rb8 38. Qe4 a3 39. Ra1 Ra8
40. Qc6 Qa5 41. h4 a2 42. Kh2 Ra6 43. Qe8+ Kg7 44. Qc8 Ra7 45. Qc5 Ra8 46. Qc6
c3 47. Kh3 b4 48. f4 Qa4 49. Qh1 c2 50. Qe1 b3 51. Qc1 Rb8 52. Qb2 c1=Q 53.
Rxc1 Rc8 54. Rd1 Rc2 55. Qa1 b2 0-1

[Event "DVM U16 2003"]
[Site "Greifswald GER"]
[Date "2003.12.30"]
[Round "7"]
[White "Nüsken, Nikolas"]
[Black "Süß, Stefan"]
[Result "1-0"]
[Termination "normal"]
[Board "1.1"]
[WhiteElo "2209"]
[BlackElo "2009"]
[WhiteTeam "HSK/Post SV Hannover"]
[BlackTeam "FSV Großenseebach"]
[PlyCount "49"]
[WhiteFideId "24605891"]
[BlackFideId "24606090"]
[EventCountry "GER"]
[EventRounds "7"]
[EventType "team-swiss"]
[EventDate "2003.12.26"]

1. e4 c5 2. c3 d5 3. exd5 Qxd5 4. Nf3 Nf6 5. Na3 e6 6. d4 Be7 7. Nb5 Qd8 8.
dxc5 Bxc5 9. Qxd8+ Kxd8 10. Ng5 Rf8 11. Bf4 Na6 12. b4 Nd5 13. O-O-O Bd7 14.
Rxd5 exd5 15. bxc5 Be6 16. Nd4 Kc8 17. Bd6 Rh8 18. Bxa6 bxa6 19. Ndxe6 fxe6 20.
Nf7 Rg8 21. h4 g6 22. Ne5 a5 23. Kc2 Rg7 24. c6 h6 25. Rb1 1-0

[Event "DVM U16 2003"]
[Site "Greifswald GER"]
[Date "2003.12.30"]
[Round "7"]
[White "Borel, Markus"]
[Black "Abel, Dennes"]
[Result "1/2-1/2"]
[Termination "normal"]
[Board "1.2"]
[WhiteElo "1926"]
[BlackElo "2139"]
[WhiteTeam "FSV Großenseebach"]
[BlackTeam "HSK/Post SV Hannover"]
[PlyCount "84"]
[WhiteFideId "24605522"]
[BlackFideId "24605417"]
[EventCountry "GER"]
[EventRounds "7"]
[EventType "team-swiss"]
[EventDate "2003.12.26"]

1. e4 c5 2. Nc3 Nc6 3. d3 g6 4. g3 Bg7 5. Bg2 e5 6. Nge2 Nge7 7. Be3 d6 8. Qd2
Nd4 9. O-O O-O 10. Rae1 Rb8 11. Nd1 b6 12. c3 Nxe2+ 13. Rxe2 d5 14. exd5 Nxd5
15. Bh6 f6 16. Bxg7 Kxg7 17. Ne3 Nxe3 18. Qxe3 Bb7 19. f4 Bxg2 20. Rxg2 exf4
21. Rxf4 Re8 22. Re4 Qd7 23. Re2 Rxe4 24. Qxe4 Rd8 25. Re3 Kf7 26. Kf2 Re8 27.
Qxe8+ Qxe8 28. Rxe8 Kxe8 29. Ke3 Kd7 30. d4 Kd6 31. b3 cxd4+ 32. Kxd4 b5 33. c4
bxc4 34. Kxc4 f5 35. Kd4 g5 36. a3 h6 37. b4 h5 38. a4 h4 39. gxh4 gxh4 40. h3
a6 41. b5 axb5 42. axb5 f4 1/2-1/2

[Event "DVM U16 2003"]
[Site "Greifswald GER"]
[Date "2003.12.30"]
[Round "7"]
[White "Romakin, Helene"]
[Black "Hofmann, Benjamin"]
[Result "1/2-1/2"]
[Termination "normal"]
[Board "1.3"]
[WhiteElo "2081"]
[BlackElo "1979"]
[WhiteTeam "HSK/Post SV Hannover"]
[BlackTeam "FSV Großenseebach"]
[PlyCount "100"]
[WhiteFideId "24605964"]
[BlackFideId "24605743"]
[EventCountry "GER"]
[EventRounds "7"]
[EventType "team-swiss"]
[EventDate "2003.12.26"]

1. c4 g6 2. Nc3 Bg7 3. g3 d6 4. Bg2 Nc6 5. e3 e5 6. Nge2 Nf6 7. O-O O-O 8. d4
Bd7 9. d5 Ne7 10. b4 a5 11. bxa5 Rxa5 12. Qb3 b6 13. Bd2 Ra8 14. e4 Qc8 15. Nb5
Bh3 16. Bxh3 Qxh3 17. f3 Qc8 18. a4 Nd7 19. Bb4 f5 20. a5 bxa5 21. Bxa5 Nc5 22.
Qc2 fxe4 23. fxe4 Rxf1+ 24. Kxf1 Qh3+ 25. Kg1 Bh6 26. Qc3 Nxe4 27. Qf3 Nf5 28.
Kh1 Nd2 29. Ng1 Nxf3 30. Nxh3 e4 31. Nxc7 Ra7 32. Nb5 Re7 33. g4 N5d4 34. Nxd4
Nxd4 35. Bc3 Nb3 36. Ra8+ Kf7 37. g5 Bg7 38. Bxg7 Kxg7 39. Nf4 Nc5 40. Rd8 e3
41. Ne2 Nb7 42. Rc8 h6 43. h4 hxg5 44. hxg5 Nc5 45. Rc6 Ne4 46. Kg1 Re5 47.
Rc7+ Kf8 48. Nd4 Nxg5 49. Kf1 Re4 50. Ne2 Nf7 1/2-1/2

[Event "DVM U16 2003"]
[Site "Greifswald GER"]
[Date "2003.12.30"]
[Round "7"]
[White "Kirch, Daniel"]
[Black "Laake, Jasmin"]
[Result "0-1"]
[Termination "normal"]
[Board "1.4"]
[WhiteElo "2016"]
[BlackElo "1975"]
[WhiteTeam "FSV Großenseebach"]
[BlackTeam "HSK/Post SV Hannover"]
[PlyCount "181"]
[WhiteFideId "24605786"]
[BlackFideId "4699939"]
[EventCountry "GER"]
[EventRounds "7"]
[EventType "team-swiss"]
[EventDate "2003.12.26"]

1. d4 Nf6 2. c4 g6 3. Nf3 Bg7 4. Nc3 O-O 5. e4 d6 6. Be2 e5 7. d5 Nbd7 8. O-O
Nc5 9. Qc2 a5 10. a3 a4 11. Be3 Nb3 12. Rad1 Bd7 13. Nd2 Nxd2 14. Qxd2 b6 15.
Qc2 Ng4 16. Bd2 Nh6 17. Qc1 Ng4 18. h3 Nf6 19. Bg5 Qc8 20. f4 exf4 21. Qxf4 Nh5
22. Bxh5 gxh5 23. Bf6 Bxf6 24. Qxf6 Qd8 25. Qh6 Qh4 26. Rf6 Kh8 27. Rf4 Qg3 28.
Qf6+ Kg8 29. Rf3 Qg6 30. Qh4 Kh8 31. Rf6 Qg7 32. Rdf1 Rg8 33. R1f2 Raf8 34.
Qxh5 Be8 35. Nd1 Qg3 36. Rh6 Rg7 37. Qf5 Qd3 38. Nc3 Qxc4 39. Qf6 Qc5 40. Kh2
Qe3 41. Rf3 Qg5 42. Qxg5 Rxg5 43. Rff6 Rfg8 44. Rf2 R8g6 45. Rxg6 hxg6 46. Rd2
Re5 47. Rd4 b5 48. Kg3 Kg7 49. Kf4 Kf6 50. g4 Bd7 51. h4 g5+ 52. Kg3 gxh4+ 53.
Kxh4 Rg5 54. e5+ Rxe5 55. Ne4+ Kg6 56. g5 Bf5 57. Ng3 Bc2 58. Rg4 Rxd5 59. Ne2
Re5 60. Nd4 Bd3 61. Rg3 Bc4 62. Nc6 Re4+ 63. Kh3 Be6+ 64. Kh2 Re2+ 65. Kg1 Rxb2
66. Nd4 c5 67. Nxe6 fxe6 68. Re3 Kxg5 69. Rxe6 Rd2 70. Re8 c4 71. Rg8+ Kf4 72.
Rf8+ Ke3 73. Re8+ Kd3 74. Rd8 Kc2 75. Rb8 Rd3 76. Rxb5 Rxa3 77. Rd5 Rd3 78. Ra5
a3 79. Kf2 Kb2 80. Ra4 a2 81. Rb4+ Rb3 82. Rxc4 a1=Q 83. Rd4 Ka3 84. Rd2 Qf6+
85. Ke2 Qe5+ 86. Kf2 Qf4+ 87. Ke2 Re3+ 88. Kd1 Qf1+ 89. Kc2 Re2 90. Kc3 Rxd2
91. Kxd2 0-1

[Event "DVM U16 2003"]
[Site "Greifswald GER"]
[Date "2003.12.30"]
[Round "7"]
[White "Frübing, Stefan"]
[Black "Strohhäker, Raoul"]
[Result "0-1"]
[Termination "normal"]
[Board "2.1"]
[WhiteElo "2096"]
[BlackElo "2106"]
[WhiteTeam "SV Glück Auf Rüdersdorf"]
[BlackTeam "SF Conweiler"]
[PlyCount "58"]
[WhiteFideId "4682165"]
[BlackFideId "4687400"]
[EventCountry "GER"]
[EventRounds "7"]
[EventType "team-swiss"]
[EventDate "2003.12.26"]

1. e4 c5 2. Nc3 Nc6 3. Nf3 d6 4. d4 cxd4 5. Nxd4 Nf6 6. Be2 e6 7. O-O Be7 8.
Be3 Bd7 9. Kh1 Nxd4 10. Bxd4 Bc6 11. Bd3 e5 12. Be3 d5 13. exd5 Nxd5 14. Nxd5
Qxd5 15. f3 O-O 16. Be4 Qb5 17. Bxc6 Qxc6 18. Qe2 Bf6 19. c4 e4 20. fxe4 Qxe4
21. Rf4 Qe6 22. Re1 Rfe8 23. Qf2 Rad8 24. h3 Qe5 25. b3 h6 26. Rf5 Qc3 27. Rf3
Bd4 28. Rc1 Qxc1+ 29. Bxc1 Bxf2 0-1

[Event "DVM U16 2003"]
[Site "Greifswald GER"]
[Date "2003.12.30"]
[Round "7"]
[White "Strohhäker, Ralph"]
[Black "Becker, Nils"]
[Result "1/2-1/2"]
[Termination "normal"]
[Board "2.2"]
[WhiteElo "2131"]
[BlackElo "2036"]
[WhiteTeam "SF Conweiler"]
[BlackTeam "SV Glück Auf Rüdersdorf"]
[PlyCount "122"]
[WhiteFideId "4693426"]
[BlackFideId "4695216"]
[EventCountry "GER"]
[EventRounds "7"]
[EventType "team-swiss"]
[EventDate "2003.12.26"]

1. c4 c5 2. Nc3 Nc6 3. g3 g6 4. Bg2 Bg7 5. f4 d6 6. Nf3 e6 7. O-O Nge7 8. d3
O-O 9. e4 Nd4 10. Ne2 Nec6 11. Rb1 Rb8 12. Nexd4 Nxd4 13. b4 Qb6 14. Be3 cxb4
15. a3 Nxf3+ 16. Qxf3 Bd4 17. Kf2 Bxe3+ 18. Qxe3 Qxe3+ 19. Kxe3 bxa3 20. Rb3
Bd7 21. Rxa3 a6 22. Rb1 e5 23. Rb6 Bc6 24. Bf3 Rfd8 25. Bd1 Kf8 26. Ba4 Bxa4
27. Rxa4 Ke7 28. Rab4 f6 29. f5 gxf5 30. exf5 Rd7 31. Ke4 Ra8 32. Rxb7 a5 33.
Rb8 Ra6 34. Ra4 Kf7 35. Kd5 Rc7 36. Rb5 Rca7 37. h4 h5 38. Rb8 Rc7 39. Rb5 Rca7
40. Ke4 Kg7 41. Kf3 Kh6 42. Rb8 Kg7 43. g4 hxg4+ 44. Kxg4 Rc6 45. Kh5 Kh7 46.
Ra1 Rcc7 47. Rd8 Rd7 48. Rxd7+ Rxd7 49. Rxa5 Rc7 50. Ra6 Rd7 51. Kg4 Kg7 52.
Kf3 d5 53. c5 Rc7 54. d4 exd4 55. c6 Re7 56. Rb6 Re3+ 57. Kf2 Rc3 58. Rb7+ Kh6
59. Rc7 Kh5 60. Rc8 Kh6 61. c7 Kh7 1/2-1/2

[Event "DVM U16 2003"]
[Site "Greifswald GER"]
[Date "2003.12.30"]
[Round "7"]
[White "Rutschke, Bernhard"]
[Black "Augner, Björn"]
[Result "1-0"]
[Termination "normal"]
[Board "2.3"]
[WhiteElo "1922"]
[BlackElo "1759"]
[WhiteTeam "SV Glück Auf Rüdersdorf"]
[BlackTeam "SF Conweiler"]
[PlyCount "145"]
[WhiteFideId "24611050"]
[EventCountry "GER"]
[EventRounds "7"]
[EventType "team-swiss"]
[EventDate "2003.12.26"]

1. e4 e6 2. d3 d5 3. Nd2 c5 4. g3 Nc6 5. Bg2 Nf6 6. Ngf3 Bd6 7. O-O O-O 8. Re1
Qc7 9. Qe2 Nd7 10. Nf1 b5 11. h4 a5 12. N1h2 Ba6 13. Ng4 b4 14. e5 Be7 15. Bf4
c4 16. dxc4 Bxc4 17. Qd1 a4 18. b3 Bb5 19. Ng5 Qb6 20. Ne3 Qd4 21. Qh5 Bxg5 22.
hxg5 Ncxe5 23. Rad1 Qb6 24. Nxd5 exd5 25. Bxe5 Nxe5 26. Rxe5 axb3 27. axb3 Ra2
28. Rexd5 Rxc2 29. R5d2 Rxd2 30. Rxd2 Qe6 31. Qd1 Qe7 32. Rd4 Rb8 33. Qd2 Be8
34. Re4 Qc5 35. Qf4 Qb6 36. Rc4 g6 37. Bd5 Qd8 38. Rd4 Qb6 39. Rc4 Qd8 40. Rd4
Qb6 41. Bc4 Rd8 42. Re4 Qb7 43. Rd4 Rxd4 44. Qxd4 Qd7 45. Qf4 Qd1+ 46. Kh2 Qh5+
47. Kg2 Qd1 48. Qb8 Qe1 49. Bb5 Kf8 50. Bxe8 Qe4+ 51. Kh2 Qxe8 52. Qd6+ Qe7 53.
Qb8+ Qe8 54. Qxb4+ Kg8 55. Qd4 Qb5 56. Qc4 Qxg5 57. b4 Qd8 58. b5 Qb6 59. Kg2
Kf8 60. Qc8+ Ke7 61. Qa6 Qd4 62. Qb7+ Qd7 63. Qe4+ Kd8 64. Qe5 Qb7+ 65. f3 f5
66. Qh8+ Kc7 67. Qxh7+ Kb6 68. Qxg6+ Kxb5 69. Qxf5+ Kc4 70. Qe4+ Qxe4 71. fxe4
Kd4 72. Kf3 Ke5 73. Ke3 1-0

[Event "DVM U16 2003"]
[Site "Greifswald GER"]
[Date "2003.12.30"]
[Round "7"]
[White "Augner, Claas"]
[Black "Beißer, Jacob"]
[Result "1/2-1/2"]
[Termination "normal"]
[Board "2.4"]
[WhiteElo "1392"]
[BlackElo "1935"]
[WhiteTeam "SF Conweiler"]
[BlackTeam "SV Glück Auf Rüdersdorf"]
[PlyCount "57"]
[BlackFideId "24603392"]
[EventCountry "GER"]
[EventRounds "7"]
[EventType "team-swiss"]
[EventDate "2003.12.26"]

1. e4 c5 2. Nf3 Nc6 3. d4 cxd4 4. Nxd4 g6 5. Nc3 Bg7 6. Be3 Nf6 7. Be2 O-O 8.
O-O d5 9. exd5 Nb4 10. Qd2 Nfxd5 11. Nxd5 Nxd5 12. Bh6 Bxh6 13. Qxh6 Qb6 14.
Nb3 Bf5 15. c4 Nf6 16. Bf3 Rac8 17. Rfe1 Rfe8 18. c5 Qb4 19. Rac1 Be6 20. Qd2
Qxd2 21. Nxd2 Bd5 22. Bxd5 Nxd5 23. Re4 Rc7 24. a3 Rd8 25. Nf3 Nf6 26. Rd4 Rcd7
27. Rxd7 Rxd7 28. Re1 Kf8 29. h3 1/2-1/2

[Event "DVM U16 2003"]
[Site "Greifswald GER"]
[Date "2003.12.30"]
[Round "7"]
[White "Schneider, Andreas"]
[Black "Papaioannou, Dimitri"]
[Result "1/2-1/2"]
[Termination "normal"]
[Board "3.1"]
[WhiteElo "2108"]
[BlackElo "1922"]
[WhiteTeam "Wilhelmshavener SF"]
[BlackTeam "SF Köln-Mülheim"]
[PlyCount "136"]
[WhiteFideId "24606022"]
[BlackFideId "24673170"]
[EventCountry "GER"]
[EventRounds "7"]
[EventType "team-swiss"]
[EventDate "2003.12.26"]

1. e4 c5 2. Nc3 d6 3. g3 Nf6 4. Bg2 Nc6 5. d3 Nd4 6. h3 g6 7. Be3 Bg7 8. f4 e5
9. g4 h6 10. Qd2 Bd7 11. Nd1 exf4 12. Bxf4 Bc6 13. c3 Ne6 14. Bg3 d5 15. e5 Nd7
16. d4 cxd4 17. cxd4 Nb6 18. Ne3 Rc8 19. b3 Ng5 20. Ne2 Qd7 21. Nc3 O-O 22. O-O
f6 23. exf6 Bxf6 24. Nc2 Bg7 25. Bf4 Nf7 26. Qd3 g5 27. Bh2 Rce8 28. Ne3 Nd6
29. Bxd6 Qxd6 30. Nf5 Qd8 31. Ne2 Bd7 32. Neg3 Bxf5 33. Nxf5 Nc8 34. Rae1 Ne7
35. Rxe7 Rxe7 36. Nxe7+ Qxe7 37. Bxd5+ Kh8 38. Rxf8+ Bxf8 39. Be4 Bg7 40. d5
Qd6 41. Kg2 Be5 42. Qc4 Qc7 43. Qa4 Qf7 44. d6 b5 45. Qa6 Qd7 46. Bd3 Bxd6 47.
Bf5 Qe7 48. Qxb5 Qe5 49. Qxe5+ Bxe5 50. b4 Kg7 51. Kf3 Bc3 52. b5 Kf6 53. Ke4
Ba5 54. Kd5 Ke7 55. Kc6 Bb6 56. a4 Ba5 57. Kb7 Bb6 58. a5 Bc5 59. b6 axb6 60.
axb6 Kd6 61. Be4 Bd4 62. Ka6 Kd7 63. Kb5 Kc8 64. Kc6 Bf2 65. b7+ Kb8 66. Kd7
Bg3 67. Ke6 Bh4 68. Kf5 Kc7 1/2-1/2

[Event "DVM U16 2003"]
[Site "Greifswald GER"]
[Date "2003.12.30"]
[Round "7"]
[White "Krug, Kevin"]
[Black "Lubbe, Nikolas"]
[Result "0-1"]
[Termination "normal"]
[Board "3.2"]
[WhiteElo "1946"]
[BlackElo "2103"]
[WhiteTeam "SF Köln-Mülheim"]
[BlackTeam "Wilhelmshavener SF"]
[PlyCount "94"]
[WhiteFideId "24609110"]
[BlackFideId "4694031"]
[EventCountry "GER"]
[EventRounds "7"]
[EventType "team-swiss"]
[EventDate "2003.12.26"]

1. e4 c5 2. Nf3 Nc6 3. Bb5 e6 4. O-O Nge7 5. c3 a6 6. Bxc6 Nxc6 7. d4 cxd4 8.
cxd4 d5 9. exd5 exd5 10. Nc3 Bg4 11. h3 Bxf3 12. Qxf3 Nxd4 13. Qd3 Ne6 14. Qxd5
Qxd5 15. Nxd5 Bd6 16. Be3 Rd8 17. Rfd1 O-O 18. Rac1 Kh8 19. Bb6 Rc8 20. Ba5 Be5
21. Bc3 Bxc3 22. Rxc3 g6 23. a3 Kg7 24. Kf1 Rcd8 25. Rcd3 Rd6 26. Nb4 Rb6 27.
Rd6 Rxd6 28. Rxd6 Rc8 29. g3 Rc1+ 30. Ke2 Rc7 31. Ke3 h6 32. Nd3 Re7 33. Kf3
Ng5+ 34. Kg2 Ne6 35. Kf3 Rc7 36. Ke3 Ng5 37. Nf4 Re7+ 38. Kd3 Ne4 39. Rd8 Nxf2+
40. Kc4 Ne4 41. g4 Ng5 42. Nd5 Re2 43. b4 Nxh3 44. Kc5 Re6 45. a4 Nf2 46. b5
axb5 47. axb5 b6+ 0-1

[Event "DVM U16 2003"]
[Site "Greifswald GER"]
[Date "2003.12.30"]
[Round "7"]
[White "Lubbe, Alexander"]
[Black "Krutwig, Longlong"]
[Result "0-1"]
[Termination "normal"]
[Board "3.3"]
[WhiteElo "1683"]
[BlackElo "1928"]
[WhiteTeam "Wilhelmshavener SF"]
[BlackTeam "SF Köln-Mülheim"]
[PlyCount "128"]
[BlackFideId "24629979"]
[EventCountry "GER"]
[EventRounds "7"]
[EventType "team-swiss"]
[EventDate "2003.12.26"]

1. e4 Nc6 2. d4 d5 3. exd5 Qxd5 4. Be3 e5 5. c4 Bb4+ 6. Nd2 Qe4 7. d5 Nd4 8.
Qa4+ Bd7 9. Qxb4 Qxe3+ 10. fxe3 Nc2+ 11. Kf2 Nxb4 12. Ngf3 f6 13. a3 Na6 14. b4
Ne7 15. e4 O-O 16. c5 Rad8 17. Bxa6 bxa6 18. c6 Bc8 19. Rhd1 Ng6 20. Nc4 f5 21.
exf5 Bxf5 22. d6 Be6 23. Na5 Rxd6 24. Rxd6 cxd6 25. Kg1 Ne7 26. Rd1 Bd5 27. c7
Rc8 28. Rc1 Nf5 29. Ne1 Nd4 30. Kf2 Nb5 31. Rd1 Nxc7 32. Nc2 Kf7 33. Ne3 Ke6
34. Kg3 Rf8 35. Rc1 Nb5 36. a4 Nd4 37. Re1 Nf5+ 38. Nxf5 Rxf5 39. b5 Rf4 40.
Nc6 axb5 41. axb5 Bxc6 42. bxc6 Rc4 43. Ra1 Rxc6 44. Rxa7 Kf6 45. Rd7 Rc3+ 46.
Kf2 Rd3 47. Ke2 e4 48. g3 h6 49. Rd8 d5 50. Rd6+ Ke5 51. Rg6 Kd4 52. Rxg7 Ra3
53. h4 Ra2+ 54. Ke1 Ke3 55. Kd1 d4 56. Rb7 d3 57. Rb1 Rd2+ 58. Kc1 Ke2 59. Rb4
e3 60. g4 Rc2+ 61. Kb1 d2 62. Kxc2 d1=Q+ 63. Kc3 Qd3+ 64. Kb2 Kd2 0-1